| 000 | 00960naa a22002777a 4500 | ||
|---|---|---|---|
| 001 | BR6009290 | ||
| 003 | BR-BrBNA | ||
| 005 | 20240918173000.0 | ||
| 007 | ta | ||
| 008 | 230509b bl.||||| |||| 00| 0 por d | ||
| 040 |
_aBR-BrBNA _bpor _cBiblioteca Nacional de Agricultura |
||
| 041 | _a(Pt) | ||
| 072 |
_aE70 _b1112 _bG514 |
||
| 090 | _aE70 BR6009290 | ||
| 100 | 1 | _aFernandes, P. | |
| 111 | 1 |
_aJornada de Economia Rural _cSao Paulo, SP (Brazil) _dNov 1942 |
|
| 245 | 1 | _aA banana como fator economico brasileiro [Comercializacao; Musa acuminata] | |
| 260 | 3 |
_aSao Paulo, SP (Brasil): _c1947. |
|
| 500 | _aAnais da Jornada de Economia Rural Sao Paulo, SP (Brasil): 1947. p. 355-360 (BR6009290-AM)E70 | ||
| 650 | _aComercializacao | ||
| 650 | _aBanana | ||
| 650 | _aExportacao | ||
| 773 | 0 |
_tAnais da Jornada de Economia Rural _wE70 BR6009290 _gSao Paulo, SP (Brasil), 1947. p. 355-360 |
|
| 909 |
_a202404 _bLucia _c55 _dLucia Elande |
||
| 942 |
_cAM _2AGRIS |
||
| 999 |
_c302375 _d302375 |
||